| 000 | 00368nam a22001217a 4500 | ||
|---|---|---|---|
| 082 | _a621.3 | ||
| 100 |
_aA D Usama Bin Najam _993078 |
||
| 245 | _aUsing multi gigabit transceivers for usb 3.0 ip core verification. | ||
| 300 | _a40p. : | ||
| 650 |
_amulti gigabit transceivers _998894 |
||
| 856 | _uhttp://10.250.8.41:8080/xmlui/handle/123456789/9452 | ||
| 942 |
_cPR _2ddc |
||
| 999 |
_c12208 _d12208 |
||